Language Quiz

Random Language or Italian Quiz

Lichaamsdelen Nederlands-Italiaans Quiz Stats

 Plays Quiz not verified by Sporcle

Score 0/81 Timer 20:00
0 Plays Today
Nederlands Italiaans % Correct
het hoofdla testa
100%
het hoofdhaari capelli
100%
de hersenen, het breinil cervello
100%
het oorl'orecchio
100%
de neusil naso
100%
de mondla bocca
100%
de tandil dente
100%
de hals, nekil collo
100%
de keella gola
100%
de schouderla spalla
100%
de vingeril dito
100%
de borst(kas)il petto
100%
de (vrouwelijke) borstil seno
100%
de buik (2/3)la pancia, l'addome, il ventre
100%
de rug (2)la schiena, il dorso
100%
de bil (1/2)il gluteo, la natica
100%
het beenla gamba
100%
het hartil cuore
100%
de longil polmone
100%
de nieril rene
100%
de maaglo stomaco
100%
de spieril muscolo
100%
het orgaanl'organo
100%
de rib (1/2)la costa, la costola
100%
de aderla vena
100%
de slagaderl'arteria
100%
het bloedil sangue
100%
Nederlands Italiaans % Correct
de peesil tendine
100%
de zenuwil nervo
100%
het gewrichtl'articolazione
100%
de schedelil cranio
100%
het gezicht (2/3)la faccia, il viso, il volto
100%
de wenkbrauwil sopracciglio
100%
de wimperil ciglio
100%
de snori baffi
100%
de baardla barba
100%
het gebitla dentatura
100%
de kiesil molare
100%
het tandvleesla gengiva
100%
de slokdarml'esofago
100%
de elleboogil gomito
100%
de polsil polso
100%
de duimil pollice
100%
de nagell'unghia
100%
de tepelil capezzolo
100%
de navell'ombelico
100%
de geslachtsdeleni genitali
100%
de penisil pene
100%
de vaginala vagina
100%
de anusl'ano
100%
de kont, anus, het zitvlak (2)il sedere, il culo
100%
de knieil ginocchio
100%
het lichaamil corpo
94.7%
het lichaamsdeella parte del corpo
94.7%
Nederlands Italiaans % Correct
de huid (1/2)la pelle, la cute
94.7%
het oogl'occhio
94.7%
de armil braccio
94.7%
de handla mano
94.7%
de teenil dito (del piede)
94.7%
de voetil piede
94.7%
de darml'intestino
94.7%
het bloedvatil vaso sanguigno
94.7%
de aortal'aorta
94.7%
het bovenbeen, de dijla coscia
92.9%
de kinil mento
92.9%
de tongla lingua
92.9%
de lipil labbro
92.9%
de schildklierla tiroide
92.9%
de oksell'ascella
92.9%
de heupl'anca
92.9%
het bekken (1/2)il bacino, i pelvi
92.9%
de hielil tallone
92.9%
het (lichaams)haari peli
89.5%
het botl'osso
89.5%
de wangla guancia
85.7%
de (urine)blaasla vescica (urinaria)
85.7%
de enkella caviglia
85.7%
de kaakla mascella
78.6%
de wervelkolomla colonna vertebrale
73.7%
de ruggengraatla spina dorsale
73.7%
de leveril fegato
71.4%

You're not logged in!

Compare scores with friends on all Sporcle quizzes.
OR
Log In

Show Comments

Extras

Created Nov 16, 2018ReportNominate
Tags:Italian Quiz, het, neverland

Top Quizzes Today


Score Distribution

Your Account Isn't Verified!

In order to create a playlist on Sporcle, you need to verify the email address you used during registration. Go to your Sporcle Settings to finish the process.

Report this User

Report this user for behavior that violates our Community Guidelines.

Details: